00637nam a2200229Ia 4500008004100000020001800041041000800059082001600067100001800083245003400101260003400135300001100169365001300180650002700193650002000220650001200240650001100252650001700263942001200280999001900292952009600311140306s9999 xx 000 0 und d a9788131509647 aeng a001bOBR/GE aOBrien, Barry aGeneral Knowledge Manual 2009 aDelhibCengage Learningc2009 a11.153 bRs.425/- aBUsiness and Economics aCurrent affairs aScience aSports aWold History 2ddccBK c186277d186277 00102ddc4070aKAUCBVbKAUCBVg425.00l0o001 OBR/GEr2014-03-22 00:00:00w2014-03-22yBK